LEADER 03266 am 2200601 n 450 001 9910495786203321 005 20240104030442.0 010 $a2-7574-2339-8 024 7 $a10.4000/books.septentrion.25692 035 $a(CKB)4100000007810554 035 $a(FrMaCLE)OB-septentrion-25692 035 $a(PPN)235360899 035 $a(EXLCZ)994100000007810554 100 $a20190315j|||||||| ||| 0 101 0 $afre 135 $auu||||||m|||| 200 03$aLa démocratie sociale en tension$fDominique Andolfatto 210 $aVilleneuve d'Ascq$cPresses universitaires du Septentrion$d2018 215 $a1 online resource (174 p.) 311 $a2-7574-2299-5 330 $aLa démocratie sociale est un défi pour les relations du travail que, depuis les années 2000, bien des réformes ? Sapin, Rebsamen, El Khomri, Macron ? cherchent à relever. Il ne s?agit plus de développer l?expression directe des salariés mais, sur la base de négociations patronats/syndicats, de promouvoir une autorégulation dans chaque branche d?activité, chaque entreprise, voire pour chaque travailleur. Ce livre analyse la démocratie sociale, ses enjeux, ses tensions, en croisant différentes perspectives (science politique, sociologie, sciences de gestion, droit), en prenant appui sur des terrains précis et en cherchant à évaluer l?application des réformes récentes. La réalité des relations sociales en entreprise, le financement du syndicalisme, la représentativité patronale, la fabrique du droit du travail, les tensions propres à la SNCF constituent quelques-uns des thèmes abordés qui éclairent la démocratie sociale aujourd?hui, ses impasses ou ses succès. Social democracy is a challenge to labour relations that, since the 2000s, many reforms - Sapin, Rebsamen, El Khomri, Macron - have sought to address. It is no longer a question of developing the free expression of employees but, on the basis of negotiations between employers and trade unions, of promoting self-regulation in each branch of activity, each company, or even for each worker. 606 $aIndustrial Relations & Labor 606 $aPolitical Science 606 $adémocratie sociale 606 $aentreprise 606 $asyndicat 606 $apatron 606 $aétat social 615 4$aIndustrial Relations & Labor 615 4$aPolitical Science 615 4$adémocratie sociale 615 4$aentreprise 615 4$asyndicat 615 4$apatron 615 4$aétat social 700 $aAndolfatto$b Dominique$01293903 701 $aAntonmattei$b Paul-Henri$0264290 701 $aBoulmier$b Daniel$01459640 701 $aCassard-Valembois$b Anne-Laure$01459641 701 $aContrepois$b Sylvie$01459642 701 $aDressen$b Marnix$01325449 701 $aJacotot$b David$01459643 701 $aLabbé$b Dominique$0799364 701 $aMahieux$b Christian$01459644 701 $aMercier$b Samuel$01459645 701 $aOfferlé$b Michel$01293659 701 $aOlivesi$b Stéphane$01145761 701 $aAndolfatto$b Dominique$01293903 801 0$bFR-FrMaCLE 906 $aBOOK 912 $a9910495786203321 996 $aLa démocratie sociale en tension$93658775 997 $aUNINA LEADER 02118nam 2200589 450 001 9910786501803321 005 20200520144314.0 010 $a1-68015-390-0 010 $a1-84995-116-0 035 $a(CKB)3710000000216521 035 $a(EBL)3417315 035 $a(SSID)ssj0001468209 035 $a(PQKBManifestationID)11884025 035 $a(PQKBTitleCode)TC0001468209 035 $a(PQKBWorkID)11524616 035 $a(PQKB)11540990 035 $a(MiAaPQ)EBC3417315 035 $a(Au-PeEL)EBL3417315 035 $a(CaPaEBR)ebr10904610 035 $a(CaONFJC)MIL876146 035 $a(OCoLC)889304526 035 $a(PPN)203368053 035 $a(EXLCZ)993710000000216521 100 $a20140810h20142014 uy 0 101 0 $aeng 135 $aur|n|---||||| 181 $ctxt 182 $cc 183 $acr 200 10$aDesign of liquid retaining concrete structures /$fJ. P. Forth and A. J. Martin 205 $aThird edition. 210 1$aCaithness, Scotland :$cWhittles Publishing,$d2014. 210 4$d©2014 215 $a1 online resource (224 p.) 300 $aDescription based upon print version of record. 311 $a1-84995-052-0 320 $aIncludes bibliographical references and index. 327 $a""Title page ""; ""Table of content ""; ""Preface ""; ""1 Introduction ""; ""2 Basis of design and materials ""; ""3 Design of reinforced concrete""; ""4 Design of prestressed concrete ""; ""5 Distribution reinforcement and joints ""; ""6 Design calculations ""; ""7 Testing and rectification ""; ""8 Vapour exclusion ""; ""References ""; ""Index "" 606 $aConcrete tanks$xDesign and construction 606 $aReinforced concrete construction 615 0$aConcrete tanks$xDesign and construction. 615 0$aReinforced concrete construction. 676 $a628.13 700 $aForth$b J. P.$01492294 702 $aMartin$b A. J. 801 0$bMiAaPQ 801 1$bMiAaPQ 801 2$bMiAaPQ 906 $aBOOK 912 $a9910786501803321 996 $aDesign of liquid retaining concrete structures$93714711 997 $aUNINA